| 000 | 00715nam a2200253 a 4500 | ||
|---|---|---|---|
| 001 | BRL_647 | ||
| 005 | 20190320210832.0 | ||
| 008 | 180913s1983----mx-a######---#000-0#spa-# | ||
| 020 | _a9684341032 | ||
| 041 | _aspa | ||
| 044 | _amx | ||
| 050 | 4 |
_aB3630 _b.G73 1983 |
|
| 100 | 1 |
_aGramsci, Antonio _d1891-1937 _924514 |
|
| 245 | 1 | 0 |
_aIntroducción a la filosofía de la praxis _bescritos dos _cAntonio Gramsci. |
| 250 | _a3 | ||
| 260 |
_aTlahuapan, Puebla _bPremia Editora _c1983 |
||
| 300 |
_a103 p. _bil. _c21 cm. |
||
| 440 | 0 |
_aLa Red de Jonás. Sección Marxismo _v7 _924515 |
|
| 500 | _aAu745 | ||
| 650 | 1 | 4 |
_aFilosofía _914906 |
| 650 | 1 | 4 |
_aMaterialismo dialéctico _924516 |
| 902 | _aGRL | ||
| 942 |
_2lcc _cB |
||
| 999 |
_c9459 _d9459 |
||